000 00916nam a2200265Ia 4500
003 OSt
005 20221005102833.0
006 a|||||r|||| 00| 0
007 ta
008 221004b |||||||| |||| 00| 0 hin d
020 _a8185070512
024 _a72736
037 _cTextual
040 _aCRL
_cCRL
_bhin
041 _2hin
_ahin
082 _a2:51, 152N8
100 _aशर्मा, बी. डी.
245 0 _aसैद्धान्तिक ग्रन्थालय वर्गीकरण
246 _aSaiddhāntik granthālaya vargīkaraṇa
260 _aआगरा
_bवाई. के. पब्लिशर्स भारत
_c1998
300 _a237पृ0
_ccm.
650 _aपुस्तकालय-सूचना प्रौद्योगिकी
942 _h2:51, 152N8
_cTEXL
_2cc
999 _c1009030
_d1009030